Export Ready — 

Ägypten im afro-orientalischen kontext : Aufsätze zur Archäologie, Geschichte und Sprache eines unbegrenzten Raumes : Gedenkschrift Peter Behrens /

Saved in:

Other Authors: Behrens, Peter, 1931-1989., Mendel, Daniela., Claudi, Ulrike.

Format: Book

Language: German
French

Published: Koln : Institut fur Afrikanistik, Universitat zu Koln, [1991].

Series: Afrikanistische Arbeitspapiere. Sondernummer.

Subjects:

Tags: Add Tag

No Tags, Be the first to tag this record!

Call Number: DT56.9 .A33 1991

LEADER 01239namaa2200325 4500
003 OSt
005 20260329133606.0
008 130303s1991 gw ab b 001 0 ger d
022 |a 0178-725x 
040 |c ARCE Library 
041 0 |e ng  |a ger  |a fre 
043 |a f-ua---  |a ff----- 
050 4 |a DT56.9 .A33 1991 
245 0 0 |a Ägypten im afro-orientalischen kontext :  |b Aufsätze zur Archäologie, Geschichte und Sprache eines unbegrenzten Raumes : Gedenkschrift Peter Behrens /  |c herausgegeben von Daniela Mendel und Ulrike Claudi. 
264 1 |a Koln :   |b Institut fur Afrikanistik, Universitat zu Koln,   |c [1991]. 
300 |a 439 pages :  |b illustrations, maps ;  |c 30 cm. 
490 0 |a Afrikanistische Arbeitspapiere. Sondernummer. 
504 |a Includes bibliographical references and index. 
546 |a Articles in English, French and German. 
600 1 0 |a Behrens, Peter,   |d 1931-1989. 
650 0 |a Excavations (Archaeology)  |z Egypt. 
650 0 |a Excavations (Archaeology)  |z Africa. 
651 0 |a Egypt   |x Antiquities. 
651 0 |a Africa   |x Antiquities. 
700 1 |a Behrens, Peter,   |d 1931-1989. 
700 1 |a Mendel, Daniela.  |9 35817 
700 1 |a Claudi, Ulrike.  |9 28102 
901 |a reviewed 
942 |c BK  |2 lcc 
999 |c 1558  |d 1558